| 000 | 00826nam a2200301Ia 4500 | ||
|---|---|---|---|
| 003 | OSt | ||
| 005 | 20221006144308.0 | ||
| 006 | a|||||r|||| 00| 0 | ||
| 007 | ta | ||
| 008 | 221006b |||||||| |||| 00| 0 eng d | ||
| 020 | _c153.00 | ||
| 024 | _a11,354 | ||
| 037 | _cTextual | ||
| 040 |
_aEASL _cEASL _beng |
||
| 041 |
_2eng _aeng |
||
| 082 | _aU8.41.N3, L7 | ||
| 100 | _aSMEDLEY Agnes | ||
| 245 | 0 |
_aChinese destinies _b Sketches of present day China |
|
| 260 |
_aWestport _bHyperion Press _c1977 |
||
| 300 |
_a226p. _ccm. |
||
| 490 | _v CEL | ||
| 650 | _a CEL | ||
| 650 |
_a China - Communism _9651427 |
||
| 650 |
_a China - Social Conditions _9616868 |
||
| 650 |
_aChina - Description and travel _9651428 |
||
| 942 |
_hU8.41.N3, L7 _cTEXL _2CC |
||
| 999 |
_c1079440 _d1079440 |
||